000 00676nam a22002177a 4500
003 UA-OsUOA
001 98162
007 ta
008 20130410b un ||||| |||| 00| 0 ukr d
090 _a821.161.1
_bО-83
942 _cBK
040 _aUA-OsUOA
_brus
_cUA-OsUOA
_dUA-OsUOA
245 _aОткрытые страны огня
_bпроизведения русских писателей о Донбассе
_cСост. Спасенко К.
300 _a398 с.
955 _a3
041 _arus
080 _a821.161.1
260 _aДонецк
_bДонбас
_c1980
650 7 _a82 Література. Літературознавство
_2UDC
999 _c384305
_d384305